书目信息 |
| 题名: |
无机及分析化学
|
|
| 作者: | 陈荣三 编 | |
| 分册: | ||
| 出版信息: | 北京 人民教育出版社 1978 |
|
| 页数: | 349页 | |
| 开本: | 19cm | |
| 丛书名: | ||
| 单 册: | ||
| 中图分类: | O653 | |
| 科图分类: | ||
| 主题词: | 无机分析 | |
| 电子资源: | ||
| ISBN: | ||
| 000 | 00591nam0 2200229 45 | |
| 001 | 0178006154 | |
| 005 | 20060814152643.60 | |
| 010 | @dCNY0.84 | |
| 091 | @a13012.0136 | |
| 100 | @a19950726d1978 em y0chiy0121 ea | |
| 101 | 0 | @achi |
| 102 | @aCN@b110000 | |
| 105 | @ay z 000yy | |
| 200 | 10 | @a无机及分析化学@Awu ji ji fen xi hua xue@f陈荣三等编@FChen Rong San Deng Bian |
| 210 | @a北京@c人民教育出版社@d1978 | |
| 215 | @a349页@d19cm | |
| 300 | @a高等学校试用教材 | |
| 606 | 0 | @a无机分析 |
| 690 | @aO653@v3 | |
| 701 | 0 | @a陈荣三@4编 |
| 801 | 0 | @aCN@bNLC@c20060814 |
| 905 | @dO653@e5 | |
| 无机及分析化学/陈荣三等编.-北京:人民教育出版社,1978 |
| 349页;19cm |
| 高等学校试用教材 |
| ISBN :CNY0.84 |
| ● |
| 相关链接 |
|
|
|
|
正题名:无机及分析化学
索取号:O653/5
 
预约/预借
| 序号 | 登录号 | 条形码 | 馆藏地/架位号 | 状态 | 备注 |
| 1 | 0000454 | 202268820 | 密集书库/ [索取号:O653/5] | 在馆 | |
| 2 | 0000455 | 202314888 | 密集书库/ [索取号:O653/5] | 在馆 | |
| 3 | 0000456 | 202137393 | 密集书库/ [索取号:O653/5] | 在馆 | |
| 4 | 0000457 | 202363003 | 密集书库/ [索取号:O653/5] | 在馆 | |
| 5 | 0000458 | 202139293 | 密集书库/ [索取号:O653/5] | 在馆 | |
| 6 | 0000459 | 202269115 | 密集书库/ [索取号:O653/5] | 在馆 | |
| 7 | 0000460 | 202169330 | 密集书库/ [索取号:O653/5] | 在馆 | |
| 8 | 0000461 | 202269151 | 密集书库/ [索取号:O653/5] | 在馆 | |
| 9 | 0074486 | 001935838 | 第三借阅区/ [索取号:O653/5] | 在馆 | |
| 10 | 0074487 | 000632391 | 第二样本阅览室/ [索取号:O653/5] | 在馆 | |
| 11 | 0432235 | 204322358 | 密集书库/ [索取号:O653/5] | 在馆 | |
| 12 | 0432236 | 204322367 | 密集书库/ [索取号:O653/5] | 在馆 | |
| 13 | 0432237 | 204322376 | 密集书库/ [索取号:O653/5] | 在馆 | |
| 14 | 0432238 | 204322385 | 密集书库/ [索取号:O653/5] | 在馆 | |
| 15 | 0432869 | 204328691 | 密集书库/ [索取号:O653/5] | 在馆 | |
| 16 | 0432870 | 204328708 | 密集书库/ [索取号:O653/5] | 在馆 | |
| 17 | 0432871 | 204328717 | 密集书库/ [索取号:O653/5] | 在馆 | |
| 18 | 0434220 | 204342201 | 密集书库/ [索取号:O653/5] | 在馆 | |
| 19 | 0443051 | 204430516 | 密集书库/ [索取号:O653/5] | 在馆 | |
| 20 | 0443052 | 204430525 | 密集书库/ [索取号:O653/5] | 在馆 | |
| 21 | 0443053 | 204430534 | 密集书库/ [索取号:O653/5] | 在馆 | |
| 22 | 0443054 | 204430543 | 密集书库/ [索取号:O653/5] | 在馆 | |
| 23 | 0443055 | 204430552 | 密集书库/ [索取号:O653/5] | 在馆 | |
| 24 | 0444917 | 204449178 | 密集书库/ [索取号:O653/5] | 在馆 | |
| 25 | 0461151 | 204611517 | 密集书库/ [索取号:O653/5] | 在馆 | |
| 26 | 0461152 | 204611526 | 密集书库/ [索取号:O653/5] | 在馆 | |
| 27 | 0461153 | 204611535 | 密集书库/ [索取号:O653/5] | 在馆 |